Diccionario inglés-español y español-inglés de términos médicos y biológicos / (Record no. 121567)

MARC details
000 -LEADER
campo de control de longitud fija 00685nam a2200193 4500
001 - NÚMERO DE CONTROL
campo de control 121567
003 - IDENTIFICADOR DE NÚMERO DE CONTROL
campo de control ES-MaACL
005 - FECHA Y HORA DE LA ÚLTIMA TRANSACCIÓN
campo de control 20230906191756.0
007 - CAMPO FIJO DE DESCRIPCIÓN FÍSICA--INFORMACIÓN GENERAL
campo de control de longitud fija t|
008 - DATOS DE LONGITUD FIJA--INFORMACIÓN GENERAL
campo de control de longitud fija 070214s1947 sp r ||||1| spa d
100 1# - ENTRADA PRINCIPAL--NOMBRE DE PERSONA
Nombre de persona Plans y Sanz de Bremond, Fructuoso.
9 (RLIN) 92573
245 10 - MENCIÓN DEL TÍTULO
Título Diccionario inglés-español y español-inglés de términos médicos y biológicos /
Mención de responsabilidad, etc. por F. Plans y Sanz de Bremond y C. G. Turner ; prólogo del Prof. Dr. J. Casas.
260 ## - PUBLICACIÓN, DISTRIBUCIÓN, ETC.
Lugar de publicación, distribución, etc. Madrid [etc.] :
Nombre del editor, distribuidor, etc. Lib. Ed. Científico-Médica,
Fecha de publicación, distribución, etc. 1947.
300 ## - DESCRIPCIÓN FÍSICA
Extensión 776 p. ;
Dimensiones 16 cm.
700 1# - ENTRADA AGREGADA--NOMBRE PERSONAL
Nombre de persona Turner, C. G.
9 (RLIN) 111723
700 1# - ENTRADA AGREGADA--NOMBRE PERSONAL
Nombre de persona Casas, J.
9 (RLIN) 181915
852 ## - LOCALIZACIÓN
Ubicación ES-MaACL
Número de control de estantería C-4670
Sublocalización o colección R.25194
Holdings
Estatus retirado Estado de pérdida Estado de daño No para préstamo Colección Biblioteca de origen Biblioteca actual Ubicación en estantería Fecha de adquisición Fuente de adquisición Total de préstamos Signatura topográfica completa Código de barras Visto por última vez Precio de reemplazo Tipo de ítem Koha
        Colección de referencia Biblioteca del Ateneo de Madrid Biblioteca del Ateneo de Madrid Sala Palomar 17/01/2008     C-4670 1126690 23/02/2023 23/02/2023 Libro impreso